| 000 | 00802nam a22002057a 4500 | ||
|---|---|---|---|
| 999 |
_c1518 _d1518 |
||
| 003 | AR-CdUCM | ||
| 008 | 190227b ||||| |||| 00| 0 spa d | ||
| 040 |
_aMUNICIPALIDAD PROVINCIAL DEL CUSCO _cBIBLIOTECA MUNICIPAL DEL CUSCO |
||
| 082 |
_a335.980 / _bE75 |
||
| 100 |
_aErlijman, Jacob _95733 |
||
| 245 | _aEl problema del consumismo en América latina / | ||
| 260 |
_aArgentina : _bEdit.La Fragua, _c1963. |
||
| 300 |
_a80 paginas ; _c18 cm. |
||
| 505 | _aTópicos importantes que no se incluyen --Difusión ,fuerza y peligrosidad de la acción comunista internacional --Factores biológicos e históricos que explican la peligrosidad del comunismo ... | ||
| 650 |
_aHistoria _9136 |
||
| 650 |
_aSocialismo _91037 |
||
| 650 |
_aComunismo _9495 |
||
| 942 |
_2ddc _cLIBROS |
||
| 945 |
_arjall _d2019-02-27 |
||